01587 a2200217 45000010006000000050017000060080041000230030015000640400040000790800035001192450065001540200022002192640033002413000025002745050818002990410008011171000027011257000034011527000026011868560157012121632920260407155457.0260407a2004 arg spa dAR-UNSa-BCEJYS aAR-UNSa-BCEJYSbspacAR-UNSa-BCEJYS a657.47xContabilidad de Costos10aEl comportamiento de los costos y la gestión de la empresa a978-987-03-0318-3 1aBuenos Aires :bLa Leyc2004 axiii, 480 p.c25 cm. a1. El comportamiento de los costos - 2. Introducción al concepto de punto de equilibrio - 3. El análisis costo-volumen-utilidad con datos expresados en bases diferentes - 4. El análisis costo-volumen-utilidad para empresas multiproductoras - 5. El análisis costo-volumen-utilidad en terminos monetarios para empresas de margen uniforme - 6. El análisis costo-volumen-utilidad en términos monetarios para empresas de margenes múltiples - 7. El planeamiento de los resultados y su tablero de control - 8. El uso de técnicas costo-volumen-utilidad para análisis sectoriales - 9. Elección de medios alternativos para fabricar productos o prestar servicios - 10. Decisiones ante alternativas excluyentes - 11. El análisis costo-volumen-utilidad ante comportamientos no constantes de las variables aspa1 aBottaro, Oscar Eduardo1 aRodríguez Jauregui, Hugo A.1 aYardin, Amaro Ramón41uhttps://biblioeco.unsa.edu.ar/pmb/images/libros/El Comportamiento de los Costos y la Gestion de la Empresa-l87383.jpg.jpgyImagen de portadaqimage/jpeg